JR線同士の立体交差駅 - Statistics

General Stats
  • This quiz has been taken 678 times
  • The average score is 13 of 23
Answer Stats
Answer 路線(上段) 路線(下段) % Correct
秋葉原 JR東北本線 JR総武本線支線
82%
西船橋 JR武蔵野線など JR総武本線
76%
南浦和 JR武蔵野線 JR東北本線(京浜東北線)
75%
西国分寺 JR武蔵野線 JR中央本線
71%
新松戸 JR武蔵野線 JR常磐線
70%
仙台 JR東北新幹線他 JR仙石線
67%
新青森 JR東北新幹線など JR奥羽本線
66%
東京 JR東海道本線他 JR京葉線他
65%
新大阪 JR東海道新幹線他 JR東海道本線他
65%
古川 JR東北新幹線 JR陸羽西線
60%
新花巻 JR東北新幹線 JR釜石線
59%
京橋 JR大阪環状線 JR片町線他
58%
新横浜 JR東海道新幹線 JR横浜線
55%
鹿児島中央 JR九州新幹線 JR鹿児島本線他
53%
新鳥栖 JR九州新幹線 JR長崎本線
52%
新下関 JR山陽新幹線 JR山陽本線
46%
新高岡 JR北陸新幹線 JR城端線
45%
新八代 JR九州新幹線 JR鹿児島本線
45%
燕三条 JR上越新幹線 JR弥彦線
44%
西明石 JR山陽新幹線 JR山陽本線
44%
佐久平 JR小海線 JR北陸新幹線
43%
飯山 JR北陸新幹線 JR飯山線
43%
長者原 JR香椎線 JR篠栗線
36%
No matching quizzes found
Score Distribution
Percent of People with Each Score
Percentile by Number Answered
Your Score History
You have not taken this quiz